[Event "CAN op"]
[Site "Hamilton CAN"]
[Date "2022.07.15"]
[Round "7.82"]
[White "Buscar, Bernard"]
[Black "Bruneau, Gilles"]
[Result "1-0"]
[WhiteElo "1789"]
[BlackElo "1290"]
[PlyCount "119"]
[EventDate "2022.07.12"]
[EventType "swiss"]
[EventRounds "9"]
[EventCountry "CAN"]

1. d4 Nf6 2. c4 g6 3. Nc3 Bg7 4. Nf3 d6 5. h3 O-O 6. e4 Nfd7 7. Be3 e5 8. d5 b6
9. b4 Nf6 10. Bd3 a5 11. b5 Ne8 12. g4 f6 13. Qd2 Nd7 14. Na4 Nc5 15. Nxc5 dxc5
16. Bh6 Nd6 17. Bxg7 Kxg7 18. Ke2 g5 19. Rag1 h6 20. Nh2 Qe8 21. Nf1 Rh8 22.
Ng3 Bd7 23. f3 Kf7 24. h4 Qe7 25. hxg5 hxg5 26. Nh5 Qf8 27. Rh3 Ke7 28. Rgh1
Re8 29. Ke1 Kd8 30. Qg2 Re7 31. R1h2 Reh7 32. Qh1 Kc8 33. Bf1 Kb7 34. Kd2 Be8
35. Kd3 Bxh5 36. Rxh5 Rxh5 37. Rxh5 Rxh5 38. gxh5 Qh6 39. Bh3 Nf7 40. Be6 Nd6
41. Qh3 g4 42. Qxg4 Qc1 43. Qg8 Qxc4+ 44. Ke3 Qc1+ 45. Kf2 Qf4 46. Kg2 c4 47.
Bd7 Qg5+ 48. Qxg5 fxg5 49. Kf2 Nf7 50. Ke2 c6 51. dxc6+ Kc7 52. Be6 Nh6 53.
Bxc4 Kd6 54. Kd3 g4 55. fxg4 Nxg4 56. Ke2 Nf6 57. h6 Nh7 58. Bg8 Nf8 59. h7 Ng6
60. Kf3 1-0

[Event "CAN op"]
[Site "Hamilton CAN"]
[Date "2022.07.15"]
[Round "7.83"]
[White "Chen, Vincent"]
[Black "Joseph, Jonath"]
[Result "1-0"]
[WhiteElo "1445"]
[BlackElo "1782"]
[PlyCount "59"]
[EventDate "2022.07.12"]
[EventType "swiss"]
[EventRounds "9"]
[EventCountry "CAN"]

1. e4 e5 2. Nf3 Nc6 3. Bb5 Nf6 4. O-O Bc5 5. Nxe5 Nxe5 6. d4 Bb6 7. dxe5 Nxe4
8. Qg4 c6 9. Qxg7 Rf8 10. Bh6 Bc5 11. b4 Be7 12. Bd3 d5 13. exd6 Nxd6 14. Qxh7
Be6 15. Bxf8 Bxf8 16. Nd2 Qf6 17. Ne4 Nxe4 18. Qxe4 O-O-O 19. f4 Rd4 20. Qe5
Qd8 21. Bf5 Bxb4 22. Bxe6+ fxe6 23. Qxe6+ Kb8 24. Rab1 Ba5 25. Qxc6 Bb6 26.
Rxb6 axb6 27. Qf3 Rd2 28. f5 Qf6 29. Qf4+ Rd6 30. Rd1 1-0

[Event "CAN op"]
[Site "Hamilton CAN"]
[Date "2022.07.15"]
[Round "7.84"]
[White "Zhang, Michelle"]
[Black "Buchanan, Jessica"]
[Result "1-0"]
[WhiteElo "1756"]
[BlackElo "896"]
[PlyCount "27"]
[EventDate "2022.07.12"]
[EventType "swiss"]
[EventRounds "9"]
[EventCountry "CAN"]

1. e4 c6 2. d4 d5 3. exd5 cxd5 4. Bd3 Nc6 5. c3 Nf6 6. Nf3 Bg4 7. h3 Bh5 8. Bf4
Qb6 9. Qb3 Bxf3 10. gxf3 Qxb3 11. axb3 b6 12. Bb5 Kd8 13. Bxc6 Rc8 14. Bb7 1-0

[Event "CAN op"]
[Site "Hamilton CAN"]
[Date "2022.07.15"]
[Round "7.85"]
[White "Qian, Ashley"]
[Black "Chen, Ricky"]
[Result "0-1"]
[WhiteElo "1413"]
[BlackElo "1709"]
[PlyCount "122"]
[EventDate "2022.07.12"]
[EventType "swiss"]
[EventRounds "9"]
[EventCountry "CAN"]

1. e4 g6 2. d4 Bg7 3. Nf3 c5 4. Nc3 cxd4 5. Nxd4 Nc6 6. Be3 d6 7. Bb5 Bd7 8.
Qd2 Nf6 9. O-O Ng4 10. Nxc6 bxc6 11. Bc4 Nxe3 12. Qxe3 O-O 13. Rad1 Qb8 14. Bb3
Qc8 15. h3 Be6 16. Kh1 Bxb3 17. axb3 Qe6 18. Ra1 d5 19. exd5 Qxe3 20. fxe3 Bxc3
21. bxc3 cxd5 22. Ra5 e6 23. b4 Rfc8 24. Ra3 a6 25. Rfa1 Rc6 26. b5 Rb6 27.
Rxa6 Rab8 28. Rxb6 Rxb6 29. Rb1 Kf8 30. Kh2 Ke7 31. Kg3 Kd6 32. Kf4 f6 33. h4
Kc5 34. e4 h6 35. g4 dxe4 36. Kxe4 Kc4 37. Rb3 Rxb5 38. Rxb5 Kxb5 39. Kd4 g5
40. hxg5 hxg5 41. c4+ Kc6 42. c5 f5 43. gxf5 exf5 44. Ke5 g4 45. Kf4 Kxc5 46.
Kg3 Kc4 47. Kf4 Kc3 48. Kg3 Kxc2 49. Kf4 Kd3 50. Kg3 Ke2 51. Kg2 f4 52. Kg1 f3
53. Kh2 f2 54. Kg3 f1=Q 55. Kxg4 Qf6 56. Kg3 Qf3+ 57. Kh4 Qg2 58. Kh5 Qg7 59.
Kh4 Qg6 60. Kh3 Kf3 61. Kh2 Qg2# 0-1

[Event "CAN op"]
[Site "Hamilton CAN"]
[Date "2022.07.15"]
[Round "7.86"]
[White "Chen, Sam"]
[Black "Mutyalapati, Modith Aaroh"]
[Result "0-1"]
[WhiteElo "1299"]
[BlackElo "1688"]
[PlyCount "48"]
[EventDate "2022.07.12"]
[EventType "swiss"]
[EventRounds "9"]
[EventCountry "CAN"]

1. e4 c5 2. Nf3 d6 3. d4 cxd4 4. Nxd4 Nf6 5. Nc3 g6 6. Be2 Bg7 7. Be3 O-O 8.
Qd2 Nc6 9. O-O-O Bd7 10. Bh6 Nxd4 11. Bxg7 Nxe2+ 12. Qxe2 Kxg7 13. h4 h5 14. f3
Rc8 15. Rdg1 Qa5 16. Kb1 Be6 17. a3 Rxc3 18. bxc3 Rc8 19. Kc1 Rxc3 20. g4 Qxa3+
21. Kd1 Bb3 22. g5 Qa1+ 23. Kd2 Rxc2+ 24. Kd3 Qc3# 0-1

[Event "CAN op"]
[Site "Hamilton CAN"]
[Date "2022.07.15"]
[Round "7.87"]
[White "Dolmer, William"]
[Black "Maheux, Pierre"]
[Result "0-1"]
[WhiteElo "1165"]
[BlackElo "1624"]
[PlyCount "92"]
[EventDate "2022.07.12"]
[EventType "swiss"]
[EventRounds "9"]
[EventCountry "CAN"]

1. d4 c5 2. d5 e5 3. c4 d6 4. Nc3 Nf6 5. e4 Be7 6. Nf3 Bg4 7. h3 Bxf3 8. Qxf3
Na6 9. Be2 Nb4 10. Bd1 O-O 11. a3 Na6 12. Qg3 Kh8 13. O-O Nc7 14. f4 exf4 15.
Bxf4 Nce8 16. Nb5 Nxe4 17. Qe3 f5 18. Bc2 a6 19. Bxe4 axb5 20. Bd3 bxc4 21.
Bxc4 Bf6 22. Qd2 Bd4+ 23. Kh1 Qb6 24. Rab1 Nf6 25. Qc1 Ne4 26. b4 cxb4 27. Rxb4
Qc7 28. Rf3 Rac8 29. Be3 Be5 30. Bb6 Qe7 31. Qe1 Qg5 32. Be3 f4 33. Bc1 Ng3+
34. Kg1 Bd4+ 35. Kh2 Nh5 36. Bd3 Qxd5 37. Be4 Qe5 38. Qd1 Be3 39. Bb2 Qc5 40.
Rxb7 Rb8 41. Qa1 Rxb7 42. Bxb7 Qc4 43. Rf1 d5 44. Rd1 f3 45. Bxd5 Qf4+ 46. Kh1
Ng3+ 0-1

[Event "CAN op"]
[Site "Hamilton CAN"]
[Date "2022.07.15"]
[Round "7.88"]
[White "Sun, Jonathan"]
[Black "Deshpande, Sarthak"]
[Result "0-1"]
[WhiteElo "873"]
[BlackElo "1595"]
[PlyCount "96"]
[EventDate "2022.07.12"]
[EventType "swiss"]
[EventRounds "9"]
[EventCountry "CAN"]

1. d4 d5 2. c4 c6 3. Nf3 Nf6 4. Nc3 e6 5. Bf4 Bd6 6. Bxd6 Qxd6 7. c5 Qc7 8. b4
O-O 9. Ne5 Nbd7 10. Nxd7 Bxd7 11. e3 e5 12. Bd3 exd4 13. exd4 Rfe8+ 14. Ne2 a5
15. a3 Ne4 16. Bxe4 Rxe4 17. f3 Re3 18. Qd2 Rae8 19. g3 Rxf3 20. O-O-O Bg4 21.
Qg5 h5 22. Rde1 Rfe3 23. h3 Bxe2 24. Rh2 Qe7 25. Qxe7 R3xe7 26. Kd2 axb4 27.
axb4 Bc4 28. Reh1 Re2+ 29. Rxe2 Rxe2+ 30. Kd1 Ra2 31. Kc1 Ra1+ 32. Kc2 Rxh1 33.
h4 f5 34. Kd2 Rh3 35. Ke3 Rxg3+ 36. Kf4 Rg4+ 37. Kxf5 Rxh4 38. Kg5 Rxd4 39.
Kxh5 Re4 40. Kg5 d4 41. Kf5 Re2 42. Kf4 d3 43. Kf3 d2 44. b5 d1=Q 45. b6 Qd3+
46. Kf4 Re4+ 47. Kf5 Qd5+ 48. Kg6 Re6# 0-1

[Event "CAN op"]
[Site "Hamilton CAN"]
[Date "2022.07.15"]
[Round "7.91"]
[White "Dickson, Kirk"]
[Black "Yang, Nathan"]
[Result "0-1"]
[WhiteElo "1780"]
[BlackElo "1169"]
[PlyCount "67"]
[EventDate "2022.07.12"]
[EventType "swiss"]
[EventRounds "9"]
[EventCountry "CAN"]

1. d4 d5 2. e3 Nf6 3. f4 c6 4. Bd3 e6 5. Nd2 Bd6 6. Ngf3 Nbd7 7. O-O Ng4 8. Qe2
f5 9. Ne5 Ngxe5 10. fxe5 Be7 11. Rf3 Nf8 12. Rg3 g5 13. Qh5+ Kd7 14. Rf3 g4 15.
Rf2 Qe8 16. Qxe8+ Kxe8 17. c4 a6 18. cxd5 cxd5 19. Nb3 Ng6 20. Rc2 Bd7 21. Rc7
Bc6 22. Bd2 Bd8 23. Rxc6 bxc6 24. Nc5 Kf7 25. Nxa6 h5 26. a4 Be7 27. b4 Rhc8
28. a5 Bg5 29. Rf1 Ra7 30. Nc5 Be7 31. Nxe6 Nh4 32. Nc5 Bxc5 33. bxc5 Ke6 34.
g3 0-1

[Event "CAN op"]
[Site "Hamilton CAN"]
[Date "2022.07.15"]
[Round "7.92"]
[White "Callaghan, Ken"]
[Black "Kearnan, Daniel"]
[Result "0-1"]
[WhiteElo "1081"]
[BlackElo "1769"]
[PlyCount "80"]
[EventDate "2022.07.12"]
[EventType "swiss"]
[EventRounds "9"]
[EventCountry "CAN"]

1. e4 c6 2. d4 d5 3. Nc3 dxe4 4. Nxe4 Nf6 5. Nxf6+ exf6 6. c3 Bd6 7. Bd3 O-O 8.
Ne2 Re8 9. O-O Nd7 10. Bf4 Nf8 11. Bxd6 Qxd6 12. Ng3 g6 13. Qd2 Kg7 14. Rae1
Bd7 15. Be2 f5 16. f4 Ne6 17. Bd3 Nc7 18. Rxe8 Rxe8 19. Bc4 Be6 20. Bd3 c5 21.
dxc5 Qxc5+ 22. Kh1 Bxa2 23. h4 Qe3 24. Qxe3 Rxe3 25. Rf3 Rxf3 26. gxf3 Bd5 27.
Kg2 Ne6 28. Ne2 Nc5 29. Bc2 Bc4 30. Nd4 Bd3 31. Bd1 Kf6 32. b3 Nd7 33. Kf2 Ba6
34. b4 Bc4 35. Ba4 Nb6 36. Bb5 a6 37. Bxc4 Nxc4 38. Ke2 Nb6 39. Kd3 Nd5 40. Nc2
Nxf4+ 0-1

[Event "CAN op"]
[Site "Hamilton CAN"]
[Date "2022.07.15"]
[Round "7.93"]
[White "Moran-Venegas, Mario"]
[Black "Huang, Eric"]
[Result "1-0"]
[WhiteElo "1754"]
[BlackElo "1155"]
[PlyCount "55"]
[EventDate "2022.07.12"]
[EventType "swiss"]
[EventRounds "9"]
[EventCountry "CAN"]

1. c4 c6 2. g3 d5 3. Bg2 Nf6 4. e3 dxc4 5. Na3 Bf5 6. Nxc4 Na6 7. Ne2 Nb4 8.
Nd4 Nd3+ 9. Kf1 Be4 10. f3 Bg6 11. a3 e5 12. Nb3 e4 13. Nd4 c5 14. Qa4+ Qd7 15.
Nb5 Ke7 16. Qb3 Kd8 17. Nc3 Rb8 18. Nxe4 Nxe4 19. fxe4 b5 20. Na5 Rb6 21. h3 c4
22. Qc3 Qc7 23. e5 Nxe5 24. Qd4+ Kc8 25. Qd5 Nd3 26. Nc6 Qxg3 27. Qd8+ Kb7 28.
Nb4+ 1-0

[Event "CAN op"]
[Site "Hamilton CAN"]
[Date "2022.07.15"]
[Round "7.94"]
[White "Sen, Arya"]
[Black "Huang, Winston"]
[Result "1-0"]
[WhiteElo "1745"]
[BlackElo "1131"]
[PlyCount "125"]
[EventDate "2022.07.12"]
[EventType "swiss"]
[EventRounds "9"]
[EventCountry "CAN"]

1. c4 e5 2. g3 Nf6 3. Bg2 Bc5 4. Nc3 d6 5. e4 Nc6 6. Nge2 O-O 7. d3 h6 8. O-O
Bg4 9. h3 Bh5 10. g4 Bg6 11. Na4 Bb6 12. Nxb6 axb6 13. f4 exf4 14. Nxf4 Bh7 15.
Bd2 Ne5 16. Bc3 Re8 17. Qe2 Qe7 18. d4 Nc6 19. Nd5 Nxd5 20. cxd5 Nd8 21. e5 c6
22. a3 dxe5 23. dxe5 Qc5+ 24. Rf2 cxd5 25. Rd1 Ne6 26. Bb4 Qc4 27. Qf3 Ng5 28.
Qxd5 Qxd5 29. Rxd5 Rad8 30. Rfd2 Rxd5 31. Rxd5 Be4 32. Bxe4 Nxe4 33. Rb5 Re6
34. Kg2 f6 35. exf6 Nxf6 36. Kf3 Kf7 37. Bc3 Ke7 38. Bd4 Kf7 39. Rxb6 Re7 40.
Rb5 Nh7 41. h4 Nf8 42. Rf5+ Kg8 43. Bc5 Re8 44. Rxf8+ Rxf8+ 45. Bxf8 Kxf8 46.
Kf4 Kf7 47. b4 b5 48. Ke5 Kg6 49. Kf4 Kf6 50. h5 Ke6 51. g5 hxg5+ 52. Kxg5 Ke7
53. Kf5 Kf7 54. Ke5 Ke7 55. Kd5 Kf6 56. Kc5 Kg5 57. Kxb5 Kxh5 58. a4 g5 59. a5
g4 60. a6 g3 61. a7 g2 62. a8=Q g1=Q 63. Qh8+ 1-0

[Event "CAN op"]
[Site "Hamilton CAN"]
[Date "2022.07.15"]
[Round "7.95"]
[White "Gao, Justin"]
[Black "Wood, Monika"]
[Result "1-0"]
[WhiteElo "1587"]
[BlackElo "1062"]
[PlyCount "115"]
[EventDate "2022.07.12"]
[EventType "swiss"]
[EventRounds "9"]
[EventCountry "CAN"]

1. e4 e5 2. Nf3 Nc6 3. Bc4 h6 4. Nc3 Bc5 5. d3 d6 6. Be3 Bd4 7. Bxd4 Nxd4 8.
Nxd4 exd4 9. Nb5 c5 10. Qh5 g6 11. Qd5 Rh7 12. Nxd6+ Kf8 13. Qxc5 Ne7 14. Qxd4
Nc6 15. Qc5 Ne7 16. Nxc8 Qxc8 17. Qxc8+ Rxc8 18. O-O Nc6 19. Rfd1 Nd4 20. c3
Ne2+ 21. Kf1 Nf4 22. g3 Nh5 23. Bb3 Nf6 24. f3 Rd8 25. d4 g5 26. Bc2 Rg7 27. e5
Nd5 28. Kf2 h5 29. Be4 b6 30. Bxd5 Rxd5 31. c4 Rd8 32. d5 Rg6 33. Rac1 Re8 34.
d6 Rge6 35. d7 Rd8 36. Rd5 Ke7 37. Rcd1 f6 38. exf6+ Kxf6 39. Rd6 Ke7 40. Rxe6+
Kxe6 41. Ke3 Rxd7 42. Rxd7 Kxd7 43. Ke4 Ke6 44. b4 a6 45. c5 b5 46. c6 Kd6 47.
Kf5 Kxc6 48. Kxg5 Kd5 49. f4 Kc4 50. f5 Kxb4 51. f6 a5 52. f7 a4 53. f8=Q+ Ka5
54. Qc5 Ka6 55. Kf6 Ka5 56. Ke6 a3 57. Kd5 Ka4 58. Kc6 1-0

[Event "CAN op"]
[Site "Hamilton CAN"]
[Date "2022.07.15"]
[Round "7.96"]
[White "Sun, Michael"]
[Black "Gutierrez, Matias"]
[Result "0-1"]
[WhiteElo "1043"]
[BlackElo "1477"]
[PlyCount "36"]
[EventDate "2022.07.12"]
[EventType "swiss"]
[EventRounds "9"]
[EventCountry "CAN"]

1. d4 Nf6 2. Bf4 g6 3. e3 Bg7 4. Nf3 d6 5. Bd3 O-O 6. c3 Nh5 7. Bg3 Nxg3 8.
hxg3 Bg4 9. Nbd2 e5 10. Qb3 Nd7 11. Nh2 Be6 12. d5 Nc5 13. Qc2 Bxd5 14. f3 Qg5
15. O-O-O Qxe3 16. Kb1 Qxd3 17. Qxd3 Nxd3 18. Ne4 Bxe4 0-1

[Event "CAN op"]
[Site "Hamilton CAN"]
[Date "2022.07.15"]
[Round "7.97"]
[White "Perez, Gilbert"]
[Black "Dickson, Raymond"]
[Result "1-0"]
[WhiteElo "1928"]
[BlackElo "1511"]
[PlyCount "23"]
[EventDate "2022.07.12"]
[EventType "swiss"]
[EventRounds "9"]
[EventCountry "CAN"]

1. e4 d5 2. exd5 Nf6 3. Nc3 Nxd5 4. Nxd5 Qxd5 5. d4 Bf5 6. Nf3 Qe4+ 7. Be3 Qxc2
8. Qxc2 Bxc2 9. Rc1 Be4 10. Rxc7 Bc6 11. Ne5 f6 12. Rc8# 1-0

[Event "CAN op"]
[Site "Hamilton CAN"]
[Date "2022.07.15"]
[Round "7.99"]
[White "Zabor, Josh"]
[Black "Fakoorziba, Payam"]
[Result "1-0"]
[WhiteElo "1467"]
[BlackElo "1003"]
[PlyCount "93"]
[EventDate "2022.07.12"]
[EventType "swiss"]
[EventRounds "9"]
[EventCountry "CAN"]

1. d4 Nf6 2. c4 e6 3. Nc3 Bb4 4. Bg5 h6 5. Bxf6 Qxf6 6. e3 O-O 7. Bd3 b6 8.
Nge2 Bb7 9. O-O Bxc3 10. Nxc3 d6 11. Qc2 Nd7 12. Rfd1 Qd8 13. a4 a5 14. Nb5 f5
15. d5 Nc5 16. dxe6 Nxd3 17. Qxd3 Rc8 18. Nc3 Qf6 19. Rd2 Qxe6 20. Nd5 Bxd5 21.
cxd5 Qe4 22. Qxe4 fxe4 23. Rc1 Rf7 24. Rc4 Re7 25. Rdc2 Kf7 26. Rc6 Re5 27. Rd2
Ke7 28. Kf1 Kd7 29. Ke2 Rxd5 30. Rxc7+ Rxc7 31. Rxd5 Rc2+ 32. Rd2 Rxd2+ 33.
Kxd2 Kc6 34. f4 exf3 35. gxf3 g5 36. Kc3 d5 37. Kd4 Kd6 38. Kc3 Ke5 39. b4 h5
40. h3 h4 41. b5 Kd6 42. Kd4 Ke6 43. e4 dxe4 44. Kxe4 Kf6 45. f4 Kg6 46. fxg5
Kxg5 47. Ke5 1-0

[Event "CAN op"]
[Site "Hamilton CAN"]
[Date "2022.07.15"]
[Round "7.100"]
[White "Mullur, Neerav"]
[Black "Higgins, Brian"]
[Result "1-0"]
[WhiteElo "1459"]
[BlackElo "933"]
[PlyCount "60"]
[EventDate "2022.07.12"]
[EventType "swiss"]
[EventRounds "9"]
[EventCountry "CAN"]

1. e4 g6 2. d4 Bg7 3. c3 d6 4. Nf3 Nf6 5. Bd3 O-O 6. Be3 Ng4 7. Bg5 Qe8 8. O-O
e5 9. Na3 a6 10. h3 Nf6 11. Nc4 Nh5 12. Qd2 Nf4 13. Bxf4 exf4 14. Qxf4 Nc6 15.
Ne3 Ne7 16. Rfe1 h6 17. Nd5 Nxd5 18. exd5 Qd8 19. Re2 Bd7 20. Qg3 Qf6 21. Rae1
c6 22. Be4 Rae8 23. Nd2 cxd5 24. Bxd5 Rxe2 25. Rxe2 b5 26. Ne4 Qf5 27. Qxd6 Re8
28. g4 Qf3 29. Qxd7 Rf8 30. Ng3 Bf6 1-0

[Event "CAN op"]
[Site "Hamilton CAN"]
[Date "2022.07.15"]
[Round "7.103"]
[White "Zapata, Edgar"]
[Black "Bolduc, Jacques"]
[Result "0-1"]
[WhiteElo "1151"]
[BlackElo "1460"]
[PlyCount "102"]
[EventDate "2022.07.12"]
[EventType "swiss"]
[EventRounds "9"]
[EventCountry "CAN"]

1. e4 c5 2. c4 Nc6 3. Nf3 e5 4. d3 d6 5. h3 Be7 6. Be2 Nf6 7. Nc3 h6 8. a3 Be6
9. Nd5 Bxd5 10. cxd5 Nd4 11. Nxd4 cxd4 12. O-O O-O 13. Bd2 Rc8 14. Rc1 Qb6 15.
Rxc8 Rxc8 16. Qb1 Nd7 17. Rc1 Rc7 18. Rxc7 Qxc7 19. b4 b5 20. Qb3 Nb6 21. Bd1
Na4 22. Qc2 Qxc2 23. Bxc2 Nc3 24. Bxc3 dxc3 25. Kf1 Bg5 26. g4 Bd2 27. a4 bxa4
28. Bxa4 Kf8 29. Ke2 Ke7 30. Bc2 Kd8 31. Kd1 Kc7 32. Ba4 Kb6 33. Kc2 f6 34. Kb3
a5 35. bxa5+ Kxa5 36. f3 g5 37. Bd7 Kb6 38. Kc2 Kc5 39. Bc8 Kd4 40. Ba6 Ke3 41.
Bc8 Kxf3 42. Kb3 Kg3 43. Kc2 Kxh3 44. Kd1 Kh4 45. Ke2 h5 46. gxh5 Kxh5 47. Bf5
g4 48. Bd7 g3 49. Ba4 Kh4 50. Kf1 Kh3 51. Kg1 Be3+ 0-1

[Event "CAN op"]
[Site "Hamilton CAN"]
[Date "2022.07.15"]
[Round "7.106"]
[White "Chua, Zachary"]
[Black "Crooks, Israel"]
[Result "1-0"]
[WhiteElo "861"]
[BlackElo "1611"]
[PlyCount "81"]
[EventDate "2022.07.12"]
[EventType "swiss"]
[EventRounds "9"]
[EventCountry "CAN"]

1. e4 c5 2. Nf3 d6 3. c3 Nf6 4. Qc2 a6 5. d4 cxd4 6. cxd4 Nc6 7. a3 e6 8. Bd3
Bd7 9. Nc3 Rc8 10. Qe2 e5 11. d5 Na5 12. O-O Nb3 13. Rb1 Nc5 14. b4 Nxd3 15.
Qxd3 Qc7 16. Bd2 Qc4 17. Qxc4 Rxc4 18. Rfe1 b5 19. Nh4 Nh5 20. Nf5 g6 21. Ne3
Rc8 22. h3 Nf4 23. Ng4 h5 24. Nf6+ Ke7 25. Nxd7 Kxd7 26. a4 f5 27. axb5 axb5
28. Nxb5 Ke7 29. exf5 Nd3 30. Bg5+ Kf7 31. Re3 Rc1+ 32. Rxc1 Nxc1 33. Ra3 Ne2+
34. Kf1 Nd4 35. Ra7+ Kg8 36. Nxd4 exd4 37. Bf6 Rh7 38. Rxh7 Kxh7 39. b5 d3 40.
b6 d2 41. Ke2 1-0

[Event "CAN op"]
[Site "Hamilton CAN"]
[Date "2022.07.15"]
[Round "7.107"]
[White "Brown, John R"]
[Black "Takeuchi, Nobuko"]
[Result "1-0"]
[WhiteElo "1409"]
[BlackElo "927"]
[PlyCount "63"]
[EventDate "2022.07.12"]
[EventType "swiss"]
[EventRounds "9"]
[EventCountry "CAN"]

1. e4 c5 2. d4 cxd4 3. c3 g6 4. cxd4 Bg7 5. Nf3 d6 6. Nc3 a6 7. Be2 b5 8. Be3
Bb7 9. Rc1 Qd7 10. O-O Nf6 11. Qc2 O-O 12. Rfd1 b4 13. e5 bxc3 14. exf6 Bxf6
15. bxc3 Bc6 16. Ne5 Bxe5 17. dxe5 Ba4 18. Qe4 Bc6 19. Qh4 Qb7 20. Bh6 Re8 21.
exd6 Bxg2 22. Re1 Bh1 23. Bf1 Nc6 24. Kxh1 Ne5+ 25. Bg2 Nf3 26. Bxf3 Qxf3+ 27.
Kg1 exd6 28. Re3 Rxe3 29. fxe3 Qxe3+ 30. Bxe3 Kg7 31. Bh6+ Kh8 32. Qf6+ 1-0

[Event "CAN op"]
[Site "Hamilton CAN"]
[Date "2022.07.16"]
[Round "8.1"]
[White "Hambleton, Aman"]
[Black "Terry, Joshua"]
[Result "1-0"]
[WhiteElo "2549"]
[BlackElo "1958"]
[PlyCount "57"]
[EventDate "2022.07.12"]
[EventType "swiss"]
[EventRounds "9"]
[EventCountry "CAN"]

1. c4 c6 2. d4 d5 3. Nc3 Nf6 4. e3 a6 5. Nf3 Bf5 6. Bd3 Bxd3 7. Qxd3 b5 8. b3
e6 9. O-O Nbd7 10. e4 Bb4 11. exd5 cxd5 12. cxb5 Qa5 13. Bd2 Bxc3 14. Bxc3 Qxb5
15. Qxb5 axb5 16. Bb4 Nb8 17. a4 bxa4 18. Rfc1 Nbd7 19. Rxa4 Rb8 20. Bd6 Rd8
21. Ra7 Ne4 22. Bb4 Rb8 23. Ne5 Nef6 24. Bd6 Rd8 25. Rcc7 Ne4 26. Rxd7 Rxd7 27.
Rxd7 f6 28. Re7+ Kf8 29. Nd7+ 1-0

[Event "CAN op"]
[Site "Hamilton CAN"]
[Date "2022.07.16"]
[Round "8.2"]
[White "Rodrigue-Lemieux, Shawn"]
[Black "Chiku-Ratte, Olivier-Kenta"]
[Result "1/2-1/2"]
[WhiteElo "2493"]
[BlackElo "2458"]
[PlyCount "52"]
[EventDate "2022.07.12"]
[EventType "swiss"]
[EventRounds "9"]
[EventCountry "CAN"]

1. c4 c6 2. Nf3 Nf6 3. g3 d5 4. Bg2 dxc4 5. O-O Nbd7 6. Na3 Nb6 7. Qc2 Be6 8.
Ng5 Bg4 9. Nxc4 Bxe2 10. Ne5 Bh5 11. Re1 e6 12. Bh3 Be7 13. Bxe6 O-O 14. Bf5
Bg6 15. Nxg6 hxg6 16. Bh3 Nh7 17. Nf3 Ng5 18. Nxg5 Bxg5 19. b4 Re8 20. Rxe8+
Qxe8 21. Bb2 Rd8 22. Bc3 Nd5 23. Rd1 Bf6 24. Kf1 Bxc3 25. Re1 Qf8 26. dxc3 Re8
1/2-1/2

[Event "CAN op"]
[Site "Hamilton CAN"]
[Date "2022.07.16"]
[Round "8.3"]
[White "Sheng, Joshua"]
[Black "Noritsyn, Nikolay"]
[Result "0-1"]
[WhiteElo "2558"]
[BlackElo "2557"]
[PlyCount "96"]
[EventDate "2022.07.12"]
[EventType "swiss"]
[EventRounds "9"]
[EventCountry "CAN"]

1. e4 e6 2. d4 d5 3. Nc3 Nf6 4. e5 Nfd7 5. f4 c5 6. Nf3 Nc6 7. Be3 a6 8. a3
cxd4 9. Nxd4 Bc5 10. Qd2 O-O 11. O-O-O Bxd4 12. Bxd4 b5 13. h4 Qe7 14. h5 b4
15. h6 g6 16. axb4 Qxb4 17. b3 Qa3+ 18. Kb1 Rb8 19. Rh3 Nc5 20. Bxc5 Qxc5 21.
Ne2 Bd7 22. Nd4 Nb4 23. Qc3 Qe7 24. Qc7 Rfc8 25. Qa5 Bb5 26. Qa3 Bxf1 27. Rxf1
Qc7 28. Rc1 a5 29. Kb2 g5 30. c3 gxf4 31. Re1 Qb6 32. Rd1 Nc6 33. Nxc6 Rxc6 34.
Rd4 Qc7 35. Rxf4 Rcb6 36. Rg4+ Kh8 37. Rh5 Qb7 38. b4 axb4 39. Rxb4 Rxb4+ 40.
cxb4 Qxb4+ 41. Qxb4 Rxb4+ 42. Kc3 Rg4 43. Rh1 Rg6 44. Kd4 Kg8 45. Ke3 Kh8 46.
Kd4 Kg8 47. Ke3 f6 48. exf6 Kf7 0-1

[Event "CAN op"]
[Site "Hamilton CAN"]
[Date "2022.07.16"]
[Round "8.4"]
[White "Dukic, Zachary"]
[Black "Paragua, Mark"]
[Result "1/2-1/2"]
[WhiteElo "2353"]
[BlackElo "2610"]
[PlyCount "81"]
[EventDate "2022.07.12"]
[EventType "swiss"]
[EventRounds "9"]
[EventCountry "CAN"]

1. e4 c5 2. Nf3 d6 3. d4 cxd4 4. Nxd4 Nf6 5. Nc3 g6 6. Be3 Bg7 7. f3 O-O 8. Qd2
Nc6 9. Bc4 Nxd4 10. Bxd4 Be6 11. Bb3 Qa5 12. O-O-O b5 13. Kb1 b4 14. Ne2 Bxb3
15. cxb3 e5 16. Be3 d5 17. exd5 Rfd8 18. d6 Bf8 19. Qe1 Nd5 20. Bg5 Rxd6 21. a4
f6 22. Bd2 f5 23. Rc1 Qa6 24. Ka2 Rad8 25. Ng3 Nb6 26. Bxb4 Nxa4 27. bxa4 Qxa4+
28. Kb1 Ra6 29. Bc3 Rd5 30. Rd1 Qa2+ 31. Kc2 Rb5 32. Ra1 Qb3+ 33. Kb1 Rc6 34.
Ne2 Bb4 35. Qd1 Bxc3 36. Qxb3+ Rxb3 37. Nxc3 Rcxc3 38. Rxa7 Rc8 39. Rd1 Rcb8
40. Rdd7 Rxb2+ 41. Kc1 1/2-1/2

[Event "CAN op"]
[Site "Hamilton CAN"]
[Date "2022.07.16"]
[Round "8.5"]
[White "Perez Rodriguez, Luis Manuel"]
[Black "Liang, Jason"]
[Result "1/2-1/2"]
[WhiteElo "2328"]
[BlackElo "2515"]
[PlyCount "183"]
[EventDate "2022.07.12"]
[EventType "swiss"]
[EventRounds "9"]
[EventCountry "CAN"]

1. e4 c5 2. Nf3 e6 3. c3 Nf6 4. e5 Nd5 5. d4 cxd4 6. cxd4 d6 7. Bc4 Be7 8. O-O
O-O 9. Qe2 b6 10. Rd1 Bb7 11. Bxd5 exd5 12. Nc3 Na6 13. Nb5 dxe5 14. Nxe5 Nc7
15. Nxc7 Qxc7 16. Bf4 Bd6 17. Rac1 Qe7 18. Qg4 Rfc8 19. h4 Rxc1 20. Rxc1 Re8
21. Rc3 Qe6 22. Qg3 Qf5 23. Re3 Re6 24. Rf3 f6 25. Ng4 Qb1+ 26. Kh2 Be7 27. Re3
Kf7 28. Rxe6 Kxe6 29. Ne3 g6 30. Bb8 Qc1 31. Qg4+ Kf7 32. Qd7 Qc6 33. Qxc6 Bxc6
34. Bxa7 Bd6+ 35. Kg1 Bc7 36. a4 Ke6 37. b3 f5 38. Kf1 Kd7 39. h5 Kc8 40. hxg6
hxg6 41. a5 bxa5 42. Bc5 Kd7 43. Ke2 Ke6 44. Nc2 Bb5+ 45. Ke3 f4+ 46. Kd2 Kf5
47. Ne1 Bf1 48. Be7 Ke4 49. Bc5 g5 50. Be7 Kf5 51. Bc5 Bd8 52. Bd6 g4 53. f3
Bf6 54. Bc5 Bh4 55. Bb6 Bf2 56. Kd1 Be3 57. Kc2 Kg5 58. Bd8+ Kh5 59. Bf6 Kg6
60. Be5 Kf5 61. Kc3 Bf2 62. Kd2 Kg5 63. Kd1 Bb5 64. Kd2 Be3+ 65. Kd1 Kf5 66.
Nc2 Bf2 67. Ne1 Ba6 68. Kd2 Bf1 69. Kd1 Kg5 70. Kd2 Be3+ 71. Kd1 Kh4 72. Nc2
Bxg2 73. Nxe3 Bxf3+ 74. Kd2 fxe3+ 75. Kxe3 Bd1 76. Bc7 g3 77. Bxa5 Kh3 78. Bc7
Bxb3 79. Bd6 Bc2 80. Bc7 Be4 81. Bd6 Kh2 82. Bc7 Kg2 83. Bd6 Bc2 84. Bc7 Bb3
85. Bd6 Kh3 86. Bc7 Bc4 87. Bd6 Bf1 88. Bc7 Kg4 89. Bd6 g2 90. Kf2 Kf5 91. Be5
Ke4 92. Kg1 1/2-1/2

[Event "CAN op"]
[Site "Hamilton CAN"]
[Date "2022.07.16"]
[Round "8.6"]
[White "Banerjee, Bitan"]
[Black "Jaferian, Koosha"]
[Result "1/2-1/2"]
[WhiteElo "2502"]
[BlackElo "2336"]
[PlyCount "103"]
[EventDate "2022.07.12"]
[EventType "swiss"]
[EventRounds "9"]
[EventCountry "CAN"]

1. d4 Nf6 2. c4 e6 3. Nf3 d5 4. Nc3 c5 5. cxd5 Nxd5 6. e4 Nxc3 7. bxc3 cxd4 8.
cxd4 Bb4+ 9. Bd2 Bxd2+ 10. Qxd2 O-O 11. Bc4 Nd7 12. O-O b6 13. Rfe1 Bb7 14. Bd3
h6 15. Rad1 Rc8 16. Bb1 Qc7 17. d5 exd5 18. exd5 Qd6 19. Nd4 Rfe8 20. Nb5 Rxe1+
21. Qxe1 Qc5 22. Nxa7 Ra8 23. Nc6 Nf6 24. Qe3 Qxe3 25. fxe3 Nxd5 26. Rxd5 Bxc6
27. Rd6 Bb7 28. Rxb6 Bd5 29. a4 Kf8 30. Rb4 Ke7 31. Be4 Ra5 32. Bxd5 Rxd5 33.
Rd4 Rc5 34. Kf2 Rc2+ 35. Kf3 Ra2 36. h4 h5 37. g4 hxg4+ 38. Rxg4 g6 39. Rd4 Ke6
40. Ke4 f5+ 41. Kf3 Kf6 42. Rb4 g5 43. Rb6+ Ke5 44. hxg5 Rxa4 45. Rb2 Rg4 46.
Rb5+ Ke6 47. Rb6+ Ke5 48. Rg6 Rg1 49. Rg8 Ke6 50. g6 Kf6 51. Rf8+ Ke6 52. Re8+
1/2-1/2